[Event "O Pohar mesta Ricany 2014 - OPEN A"]
[Site "Ricany"]
[Date "2014.08.23"]
[Round "1.32"]
[White "Matejovsky, Ondrej"]
[Black "Petr, Jakub"]
[Result "0-1"]
[WhiteElo "2014"]
[BlackElo "1657"]
[PlyCount "108"]
[EventDate "2014.??.??"]

1. e4 c5 2. b3 g6 3. Bb2 Nf6 4. e5 Nd5 5. Bc4 e6 6. Bxd5 exd5 7. e6 f6 8. Qf3
d4 9. exd7+ Bxd7 10. c3 Nc6 11. cxd4 cxd4 12. Qe4+ Qe7 13. Qxe7+ Bxe7 14. Nf3
Nb4 15. Kd1 Rc8 16. Ne1 Bc5 17. a3 Nd5 18. Nc2 Nf4 19. Bxd4 Bxd4 20. Nxd4 Nxg2
21. Nc3 Ke7 22. Rg1 Nf4 23. Re1+ Ne6 24. Kc2 Kf7 25. Nxe6 Bxe6 26. Re3 Rhd8 27.
Rae1 Rc6 28. R1e2 Rd7 29. Kb2 Bf5 30. d4 Re6 31. d5 Ree7 32. Rd2 Rxe3 33. fxe3
Bg4 34. Ne4 Bf3 35. Nc3 f5 36. Rd4 Kf6 37. Kc2 Ke5 38. Rf4 Bxd5 39. Nxd5 Rxd5
40. Rc4 Rd7 41. Kc3 g5 42. Rc8 Ke4 43. Re8+ Kf3 44. Re5 f4 45. exf4 gxf4 46.
Rf5 Ke3 47. h4 f3 48. h5 Rc7+ 49. Kb2 Re7 50. Kc2 Ke2 51. Rd5 Rc7+ 52. Kb2 f2
53. Re5+ Kf3 54. Re8 Rc5 0-1

[Event "O Pohar mesta Ricany 2014 - OPEN A"]
[Site "Ricany"]
[Date "2014.08.23"]
[Round "1.33"]
[White "Vilimova, Julie"]
[Black "Kratky, Josef"]
[Result "0-1"]
[WhiteElo "1635"]
[BlackElo "2009"]
[PlyCount "124"]
[EventDate "2014.??.??"]

1. d4 Nf6 2. c4 e6 3. Nc3 c5 4. d5 exd5 5. cxd5 d6 6. Bg5 g6 7. e4 Bg7 8. f4 h6
9. Bh4 Nbd7 10. Nf3 O-O 11. Bb5 a6 12. Bxd7 Qxd7 13. O-O Re8 14. Bxf6 Bxf6 15.
e5 dxe5 16. Ne4 Bg7 17. fxe5 Qc7 18. d6 Qc6 19. Qd3 Bf5 20. Rae1 Rad8 21. Qc4
b5 22. Qe2 c4 23. Qe3 Bxe4 24. Qxe4 Qb6+ 25. Kh1 Rxd6 26. exd6 Rxe4 27. Rxe4
Qxd6 28. Re2 b4 29. Ne1 f5 30. Rff2 c3 31. bxc3 bxc3 32. Rc2 Qd1 33. Rf1 Bd4
34. h3 Be5 35. Rcf2 Bg3 36. Rf3 Bxe1 37. Re3 Qd2 38. Rexe1 Qxa2 39. Ra1 Qc4 40.
Rac1 Qe2 41. Rce1 Qd2 42. Rd1 Qe3 43. Rde1 Qc5 44. Rc1 a5 45. Rc2 a4 46. Rfc1
a3 47. Rxc3 Qa5 48. R3c2 g5 49. Ra2 g4 50. Rca1 gxh3 51. gxh3 Qd5+ 52. Kh2 Qe5+
53. Kg2 Qe4+ 54. Kh2 f4 55. Rxa3 Qe2+ 56. Kg1 f3 57. Ra8+ Kf7 58. R1a7+ Kg6 59.
Rg8+ Kh5 60. Ra5+ Kh4 61. Ra4+ Kxh3 62. Rgg4 Qe1# 0-1

[Event "O Pohar mesta Ricany 2014 - OPEN A"]
[Site "Ricany"]
[Date "2014.08.23"]
[Round "1.35"]
[White "Vorisek, Jakub"]
[Black "Pychova, Nela"]
[Result "1/2-1/2"]
[WhiteElo "1616"]
[BlackElo "2006"]
[PlyCount "77"]
[EventDate "2014.??.??"]

1. e4 c6 2. d4 d5 3. exd5 cxd5 4. c4 Nf6 5. Nc3 e6 6. Nf3 Be7 7. Bf4 O-O 8. Be2
Nc6 9. O-O dxc4 10. Bxc4 Nb4 11. Qb3 b6 12. a3 Nbd5 13. Nxd5 Nxd5 14. Bxd5 exd5
15. Rac1 Be6 16. Rc3 Bf6 17. Rfc1 Rc8 18. Qc2 Rxc3 19. Qxc3 Qd7 20. Qd2 Rc8 21.
Rc3 Rxc3 22. Qxc3 Qc8 23. Qxc8+ Bxc8 24. Bb8 a6 25. Be5 Be7 26. Bc7 b5 27. Ne5
Bb7 28. Kf1 b4 29. axb4 Bxb4 30. Nd3 Be7 31. Bb6 Bc6 32. Bc5 Kf8 33. Bxe7+ Kxe7
34. Ke1 Bb5 35. Kd2 Kd6 36. Nc5 Bf1 37. g3 Kc6 38. Kc3 a5 39. f4 1/2-1/2

[Event "O Pohar mesta Ricany 2014 - OPEN A"]
[Site "Ricany"]
[Date "2014.08.23"]
[Round "1.36"]
[White "Skala, Jaromir"]
[Black "Pivonka, Michael"]
[Result "1/2-1/2"]
[WhiteElo "2006"]
[BlackElo "1612"]
[PlyCount "70"]
[EventDate "2014.??.??"]

1. d4 Nf6 2. c4 e6 3. Nc3 d5 4. Bg5 Be7 5. e3 O-O 6. Nf3 Nbd7 7. Bd3 c5 8. cxd5
Nxd5 9. Bxe7 Qxe7 10. Nxd5 exd5 11. Qc2 h6 12. b3 Re8 13. Rc1 cxd4 14. Nxd4 Ne5
15. Bb5 Bd7 16. O-O Rac8 17. Qd2 Nc6 18. Ne2 a6 19. Bd3 Qg5 20. Bb1 Bg4 21. Ng3
d4 22. Qd3 dxe3 23. Qh7+ Kf8 24. fxe3 Qxe3+ 25. Kh1 Ne5 26. Rce1 Qg5 27. Ne4
Qg6 28. Qxg6 Nxg6 29. Nd6 Rxe1 30. Rxe1 Rd8 31. Nxb7 Rd7 32. Nc5 Rd6 33. h3 Bc8
34. Bxg6 Rxg6 35. b4 Rd6 1/2-1/2

[Event "O Pohar mesta Ricany 2014 - OPEN A"]
[Site "Ricany"]
[Date "2014.08.23"]
[Round "1.37"]
[White "Civin, Dominik"]
[Black "Pycha, Patrik"]
[Result "1/2-1/2"]
[WhiteElo "1601"]
[BlackElo "2002"]
[PlyCount "117"]
[EventDate "2014.??.??"]

1. c4 e6 2. Nc3 Nf6 3. g3 Be7 4. Bg2 O-O 5. e4 e5 6. Nge2 d6 7. O-O Be6 8. d3
c6 9. f4 Qb6+ 10. Kh1 Ng4 11. Qe1 f5 12. h3 Ne3 13. Bxe3 Qxe3 14. Rf3 Qb6 15.
Qd2 Nd7 16. b3 Rf6 17. exf5 Bxf5 18. g4 Bg6 19. f5 Be8 20. g5 Rf8 21. Raf1 Qa5
22. Ng3 d5 23. d4 e4 24. Ncxe4 Qxd2 25. Nxd2 Bxg5 26. Nb1 dxc4 27. bxc4 Nf6 28.
Rd3 Bf7 29. d5 cxd5 30. cxd5 Rad8 31. Nc3 Rd7 32. Nge4 Nxe4 33. Nxe4 Bxd5 34.
f6 gxf6 35. Nxf6+ Bxf6 36. Rxd5 Re7 37. Rdf5 Kg7 38. Bd5 b6 39. Rg1+ Kh6 40.
Rgf1 Kg6 41. R5f4 Re5 42. Be4+ Kg7 43. Bxh7 Kxh7 44. Rxf6 Rxf6 45. Rxf6 Ra5 46.
Rf2 Ra3 47. Kg2 Kg6 48. Rd2 Kg5 49. Rd5+ Kf4 50. Rd2 a5 51. Rf2+ Kg5 52. Rb2
Kf4 53. Rf2+ Kg5 54. Rb2 Kh4 55. Kf2 a4 56. Ke2 Kxh3 57. Kd2 Kg3 58. Rxb6 Rxa2+
59. Kc1 1/2-1/2

[Event "O Pohar mesta Ricany 2014 - OPEN A"]
[Site "Ricany"]
[Date "2014.08.23"]
[Round "1.38"]
[White "Hurtak, Otto"]
[Black "Lhotsky, Zdenek Ml."]
[Result "1-0"]
[WhiteElo "1995"]
[BlackElo "1601"]
[PlyCount "69"]
[EventDate "2014.??.??"]

1. d4 Nf6 2. c4 g6 3. Nc3 Bg7 4. e4 d6 5. Nf3 O-O 6. Be2 e5 7. d5 a5 8. Bg5 Na6
9. Nd2 Qe8 10. O-O Nd7 11. a3 f5 12. exf5 Rxf5 13. Nde4 Ndc5 14. b4 Nxe4 15.
Nxe4 b6 16. Qd2 Bd7 17. Rfc1 Rf8 18. Rab1 Bf5 19. Bd3 Bxe4 20. Bxe4 Bf6 21. Be3
Qe7 22. Rb3 Rac8 23. f3 a4 24. Rbc3 Qd7 25. Qd3 Qe7 26. c5 Ra8 27. cxb6 cxb6
28. Bxb6 Qb7 29. Be3 Bd8 30. Rc6 Be7 31. Bxg6 hxg6 32. Qxg6+ Kh8 33. R1c4 Ra7
34. Qh6+ Kg8 35. Rg4+ 1-0

[Event "O Pohar mesta Ricany 2014 - OPEN A"]
[Site "Ricany"]
[Date "2014.08.23"]
[Round "1.39"]
[White "Zabehlicky, Jiri"]
[Black "Lizner, Milan"]
[Result "1/2-1/2"]
[WhiteElo "1585"]
[BlackElo "1989"]
[PlyCount "55"]
[EventDate "2014.??.??"]

1. d4 f5 2. Nf3 d6 3. g3 g6 4. Bg2 Bg7 5. O-O Nf6 6. c4 O-O 7. Nc3 c6 8. Bf4 h6
9. h4 Na6 10. Qd2 Kh7 11. Rac1 Nc7 12. b3 Qe8 13. c5 Qd8 14. Rfd1 Ncd5 15. Nxd5
Nxd5 16. e3 Be6 17. Ne1 a5 18. Nd3 Bg8 19. cxd6 exd6 20. e4 fxe4 21. Bxe4 Nf6
22. Bg2 Qd7 23. Be3 Bd5 24. Nf4 Bxg2 25. Kxg2 d5 26. Qd3 Qf7 27. h5 Kg8 28.
Qxg6 1/2-1/2

[Event "O Pohar mesta Ricany 2014 - OPEN A"]
[Site "Ricany"]
[Date "2014.08.23"]
[Round "1.40"]
[White "Postupa st., Pavel"]
[Black "Zlamana, Anna"]
[Result "1-0"]
[WhiteElo "1981"]
[BlackElo "1565"]
[PlyCount "63"]
[EventDate "2014.??.??"]

1. e4 e5 2. Nf3 Nc6 3. Bb5 a6 4. Ba4 Nf6 5. O-O Be7 6. Re1 b5 7. Bb3 O-O 8. Nc3
d6 9. a4 b4 10. Nd5 Bg4 11. c3 bxc3 12. dxc3 Rb8 13. Bc4 a5 14. h3 Bh5 15.
Nxf6+ Bxf6 16. g4 Bg6 17. Qd5 Qe8 18. Bb5 Ne7 19. Qd3 c6 20. g5 d5 21. gxf6
dxe4 22. Qd6 Nf5 23. Qxc6 Qxc6 24. Bxc6 exf3 25. fxg7 Kxg7 26. Rxe5 Nh4 27. Bg5
Nf5 28. Rb5 h6 29. Bf4 Rxb5 30. axb5 Bh5 31. b6 Rc8 32. Bd7 1-0

[Event "O Pohar mesta Ricany 2014 - OPEN A"]
[Site "Ricany"]
[Date "2014.08.23"]
[Round "1.41"]
[White "Helebrand, Frantisek"]
[Black "Fencl, Pavel"]
[Result "1/2-1/2"]
[WhiteElo "1546"]
[BlackElo "1974"]
[PlyCount "56"]
[EventDate "2014.??.??"]

1. d4 g6 2. c4 c6 3. Nc3 d5 4. Nf3 Bg7 5. Bf4 Nf6 6. e3 Bg4 7. Bd3 Qb6 8. Rb1
Nbd7 9. h3 dxc4 10. Bxc4 Bf5 11. Bd3 Bxd3 12. Qxd3 O-O 13. O-O Rfe8 14. Qc2
Rac8 15. Ne5 Rcd8 16. Rfc1 Nh5 17. Nxd7 Rxd7 18. Bh2 e5 19. dxe5 Bxe5 20. Bxe5
Rxe5 21. Rd1 Ree7 22. Rd3 f5 23. Qd2 Nf6 24. Rd1 Kg7 25. Rd4 a6 26. Rd6 Qc7 27.
Qd4 c5 28. Qd2 h5 1/2-1/2

[Event "O Pohar mesta Ricany 2014 - OPEN A"]
[Site "Ricany"]
[Date "2014.08.23"]
[Round "1.42"]
[White "Hanl, Frantisek"]
[Black "Aubrecht, Petr"]
[Result "1-0"]
[WhiteElo "1972"]
[BlackElo "1539"]
[PlyCount "60"]
[EventDate "2014.??.??"]

1. e4 c5 2. Nf3 d6 3. d4 cxd4 4. Nxd4 Nf6 5. Nc3 a6 6. Bg5 Nbd7 7. f4 Qc7 8.
Qf3 b5 9. Qg3 b4 10. Nd5 Nxd5 11. exd5 Qc5 12. O-O-O Nb6 13. Be2 Nxd5 14. Bf3
Bb7 15. Rhe1 Rb8 16. Nb3 Qb5 17. Qf2 e6 18. f5 Nc7 19. Nd4 Qc5 20. Be3 Qa5 21.
fxe6 fxe6 22. Nc6 Bxc6 23. Bxc6+ Kd8 24. Qh4+ Kc8 25. Kb1 b3 26. axb3 h6 27.
Qg4 g5 28. Ba4 Rh7 29. Qe4 Rf7 30. Rf1 h5 {dale necitelne} 1-0

[Event "O Pohar mesta Ricany 2014 - OPEN A"]
[Site "Ricany"]
[Date "2014.08.23"]
[Round "1.43"]
[White "Palla, Ivan"]
[Black "Stojkovic, Andreja"]
[Result "0-1"]
[WhiteElo "1536"]
[BlackElo "1970"]
[PlyCount "32"]
[EventDate "2014.??.??"]

1. Nf3 c5 2. c4 g6 3. g3 Bg7 4. Bg2 Nf6 5. Nc3 O-O 6. O-O Nc6 7. d3 d6 8. Bg5
h6 9. Bd2 Be6 10. h3 Qd7 11. Kh2 d5 12. b3 d4 13. Na4 b6 14. Qc1 Kh7 15. Bf4
Nh5 16. Qd2 f5 {dale necitelne} 0-1

[Event "O Pohar mesta Ricany 2014 - OPEN A"]
[Site "Ricany"]
[Date "2014.08.23"]
[Round "1.44"]
[White "Koper, Stefan"]
[Black "Stankova, Zuzana"]
[Result "1-0"]
[WhiteElo "1954"]
[BlackElo "1511"]
[PlyCount "55"]
[EventDate "2014.??.??"]

1. d4 Nf6 2. c4 g6 3. Nc3 Bg7 4. e4 d6 5. Nge2 O-O 6. Ng3 Nbd7 7. Be2 e5 8. d5
a5 9. Be3 Nc5 10. b3 Ne8 11. Rc1 f5 12. exf5 gxf5 13. f4 b6 14. O-O Bd7 15. Nh5
Qe7 16. Nxg7 Nxg7 17. Kh1 Rf6 18. fxe5 Rg6 19. e6 Bc8 20. Bf3 Bb7 21. Ne2 Rf8
22. Nf4 Rh6 23. g3 Ne4 24. Kg1 Qg5 25. Bxe4 fxe4 26. Ng2 Qh5 27. Rxf8+ Kxf8 28.
Qf1+ 1-0

[Event "O Pohar mesta Ricany 2014 - OPEN A"]
[Site "Ricany"]
[Date "2014.08.23"]
[Round "1.45"]
[White "Polak, Jiri"]
[Black "Vrtiakova, Anna"]
[Result "1-0"]
[WhiteElo "1765"]
[BlackElo "1954"]
[PlyCount "91"]
[EventDate "2014.??.??"]

1. e4 c5 2. Nf3 d6 3. d4 cxd4 4. Qxd4 Nc6 5. Bb5 Bd7 6. Bxc6 Bxc6 7. Nc3 Nf6 8.
Bg5 e5 9. Qd3 a6 10. O-O h6 11. Bxf6 Qxf6 12. Nd5 Bxd5 13. Qxd5 Rb8 14. Rfd1
Be7 15. a4 O-O 16. b4 Qg6 17. c4 Rfd8 18. b5 a5 19. Rac1 b6 20. Rc2 Kh8 21. Nd2
Rdc8 22. Nf1 f5 23. exf5 Qxf5 24. Ne3 Qg6 25. Qd3 Qe6 26. Nd5 Rd8 27. Re2 Qf7
28. f4 Bf6 29. Rf1 exf4 30. Rxf4 Re8 31. Rxe8+ Rxe8 32. Nxf6 gxf6 33. Qd4 Re6
34. Kf2 Qe7 35. Qxb6 Re2+ 36. Kf3 Rc2 37. Re4 Qd7 38. g4 f5 39. Qd4+ Kh7 40.
Rf4 fxg4+ 41. Kg3 Ra2 42. Qe4+ Kg7 43. Rxg4+ Kf8 44. Qa8+ Kf7 45. Qg8+ Kf6 46.
Rf4+ 1-0

[Event "O Pohar mesta Ricany 2014 - OPEN A"]
[Site "Ricany"]
[Date "2014.08.23"]
[Round "1.46"]
[White "Fuskova, Martina"]
[Black "Zavurkova, Monika"]
[Result "1/2-1/2"]
[WhiteElo "1948"]
[BlackElo "1720"]
[PlyCount "112"]
[EventDate "2014.??.??"]

1. e4 e6 2. d4 d5 3. Nc3 Bb4 4. e5 c5 5. a3 cxd4 6. axb4 dxc3 7. Qg4 cxb2 8.
Bxb2 Kf8 9. Bd3 Ne7 10. Nf3 Kg8 11. O-O Nd7 12. h4 Nf8 13. h5 h6 14. Nd4 Bd7
15. Rfe1 Qe8 16. Re3 g6 17. Rg3 Kh7 18. Bc1 Kg7 19. Ne2 Nf5 20. Rh3 Bb5 21. Nf4
Bxd3 22. Rxd3 Qe7 23. hxg6 Nxg6 24. Nxd5 exd5 25. Qxf5 Qxe5 26. Qxe5+ Nxe5 27.
Bb2 f6 28. Rxd5 Nc4 29. Rd7+ Kg6 30. Bd4 Rhd8 31. Rxd8 Rxd8 32. c3 a6 33. Re1
Kf7 34. Re4 b5 35. Kh2 Rd5 36. Rf4 Rd6 37. Kh3 Kg6 38. Re4 Rd5 39. Re6 Rd6 40.
Re7 Nd2 41. Ra7 Rc6 42. Kg4 Nb1 43. Kf4 Nxc3 44. Bxc3 Rxc3 45. Rxa6 Rc4+ 46.
Ke3 Rxb4 47. Rb6 h5 48. Kd3 h4 49. Ke3 Kg5 50. Kf3 f5 51. Rb8 Rb3+ 52. Ke2 Kf4
53. Ra8 Rb2+ 54. Ke1 Kg4 55. Rg8+ Kf4 56. Rh8 Kg4 1/2-1/2

[Event "O Pohar mesta Ricany 2014 - OPEN A"]
[Site "Ricany"]
[Date "2014.08.23"]
[Round "1.47"]
[White "Zavurka, Vladimir"]
[Black "Jelinek, Michal"]
[Result "0-1"]
[WhiteElo "1639"]
[BlackElo "1946"]
[PlyCount "84"]
[EventDate "2014.??.??"]

1. d4 d5 2. c4 e6 3. Nf3 Nf6 4. Nc3 c6 5. Bg5 Nbd7 6. e3 Qa5 7. Qa4 Qxa4 8.
Nxa4 dxc4 9. Bxf6 Nxf6 10. Nc3 b5 11. Ne5 Bb7 12. Be2 Nd5 13. O-O Nxc3 14. bxc3
f6 15. Nf3 Ba3 16. Rab1 O-O-O 17. Ne1 Rhe8 18. Nc2 Bf8 19. a4 a6 20. Bf3 Kc7
21. Rb2 Bc8 22. Ra1 e5 23. axb5 cxb5 24. Nb4 Bxb4 25. Rxb4 Bb7 26. Bxb7 Kxb7
27. Rab1 Kc6 28. R4b2 Kd5 29. Ra2 Ra8 30. dxe5 Kxe5 31. Kf1 Red8 32. Ke2 Rd3
33. Rxb5+ axb5 34. Rxa8 Rxc3 35. Rb8 Rb3 36. Kd2 Kd5 37. Rb7 c3+ 38. Kc2 Kc4
39. Rc7+ Kb4 40. Rxg7 Rb2+ 41. Kc1 Kb3 42. Rb7 b4 0-1

[Event "O Pohar mesta Ricany 2014 - OPEN A"]
[Site "Ricany"]
[Date "2014.08.29"]
[Round "8.1"]
[White "Gregor, Jiri"]
[Black "Balacek, Tadeas"]
[Result "1/2-1/2"]
[WhiteElo "2262"]
[BlackElo "2237"]
[PlyCount "45"]

1. d4 Nf6 2. c4 c5 3. d5 b5 4. cxb5 a6 5. b6 d6 6. Nc3 g6 7. a4 Qxb6 8. a5 Qa7
9. e4 Bg7 10. h3 O-O 11. Nf3 Nbd7 12. Bc4 Rb8 13. O-O Ne8 14. Qe2 Nc7 15. Rd1
Ne5 16. Nxe5 Bxe5 17. Na4 Bd7 18. Nb6 Bb5 19. Bh6 Rfe8 20. Bxb5 Nxb5 21. f4 Nd4
22. Qc4 Bh8 23. Re1 1/2-1/2

[Event "O Pohar mesta Ricany 2014 - OPEN A"]
[Site "Ricany"]
[Date "2014.08.29"]
[Round "8.2"]
[White "Moravec, Vit"]
[Black "Korsa, Jindrich"]
[Result "1/2-1/2"]
[WhiteElo "2162"]
[BlackElo "2134"]
[PlyCount "163"]

1. c4 e5 2. Nc3 Nc6 3. Nf3 f5 4. d4 e4 5. Ng5 Be7 6. Nh3 Nf6 7. e3 O-O 8. Be2
d6 9. Nf4 Bd7 10. Bd2 Qc8 11. Ncd5 Bd8 12. Bc3 Nxd5 13. Nxd5 Ne7 14. Nf4 g5 15.
Nh5 Ng6 16. h4 f4 17. hxg5 fxe3 18. fxe3 Bxg5 19. Qd2 Bg4 20. O-O-O Rf2 21.
Bxg4 Rxd2 22. Bxc8 Rxd1+ 23. Kxd1 Rxc8 24. Ke2 Rf8 25. Ng3 Re8 26. Rf1 Bh4 27.
Nf5 Bg5 28. b3 Nh4 29. Nxh4 Bxh4 30. Rf4 Bg5 31. Rf5 h6 32. d5 Rf8 33. Rxf8+
Kxf8 34. Bd4 a6 35. a4 Kf7 36. Kf2 Bh4+ 37. g3 Bf6 38. Bxf6 Kxf6 39. a5 b6 40.
axb6 cxb6 41. g4 a5 42. Kg2 Kg6 43. Kh2 Kf6 44. Kh3 Ke5 45. Kh4 b5 46. cxb5
Kxd5 47. Kh5 Kc5 48. Kxh6 d5 49. g5 d4 50. exd4+ Kxb5 51. g6 e3 52. g7 e2 53.
g8=Q e1=Q 54. Qc4+ Kb6 55. Kg5 Qf2 56. Kg6 Qg3+ 57. Kf5 Qf3+ 58. Ke5 Qe3+ 59.
Kd5 Qf3+ 60. Kd6 Qf8+ 61. Ke5 Qg7+ 62. Ke4 Qg6+ 63. Kf3 Qf5+ 64. Ke3 Qg5+ 65.
Kd3 Qg3+ 66. Kc2 Qf2+ 67. Kc3 Qe1+ 68. Kb2 Qf2+ 69. Kb1 Qg1+ 70. Kc2 Qf2+ 71.
Kc3 Qe1+ 72. Kd3 Qg3+ 73. Ke4 Qg4+ 74. Ke5 Qg5+ 75. Kd6 Qd8+ 76. Ke6 Qg8+ 77.
Kd7 Qg7+ 78. Ke8 Qg6+ 79. Ke7 Qg7+ 80. Ke8 Qg6+ 81. Ke7 Qg7+ 82. Ke8 1/2-1/2

[Event "O Pohar mesta Ricany 2014 - OPEN A"]
[Site "Ricany"]
[Date "2014.08.29"]
[Round "8.3"]
[White "Rut, Vojtech"]
[Black "Kulhanek, Tomas"]
[Result "0-1"]
[WhiteElo "2119"]
[BlackElo "2333"]
[PlyCount "70"]

1. e4 c5 2. Nf3 Nc6 3. d4 cxd4 4. Nxd4 g6 5. Nc3 Bg7 6. Be3 Nf6 7. Bc4 O-O 8.
Bb3 d6 9. f3 Bd7 10. Qd2 Nxd4 11. Bxd4 b5 12. h4 a5 13. h5 a4 14. Bxf6 exf6 15.
Bd5 Rb8 16. hxg6 hxg6 17. g4 Re8 18. O-O-O Qb6 19. Ne2 Qc5 20. Kb1 Rbd8 21. Nd4
Be6 22. Nf5 gxf5 23. gxf5 Bxd5 24. Rdg1 Bc4 25. b3 Kf8 26. Rxg7 axb3 27. axb3
Ke7 28. Rhh7 Rh8 29. bxc4 Rxh7 30. Rxh7 bxc4 31. Kc1 Rb8 32. Kd1 Qg1+ 33. Ke2
Rg8 34. Qe1 Rg2+ 35. Kd1 Qd4+ 0-1

[Event "O Pohar mesta Ricany 2014 - OPEN A"]
[Site "Ricany"]
[Date "2014.08.29"]
[Round "8.4"]
[White "Vyprachticky, David"]
[Black "Svatos, Jan"]
[Result "0-1"]
[WhiteElo "2121"]
[BlackElo "2233"]
[PlyCount "42"]

1. d4 Nf6 2. c4 g6 3. Nc3 Bg7 4. e4 O-O 5. Be3 d6 6. f3 e5 7. d5 Nh5 8. Qd2
Qh4+ 9. Qf2 Qe7 10. c5 f5 11. cxd6 cxd6 12. Bxa7 fxe4 13. Nxe4 Bf5 14. Ng3 Nxg3
15. hxg3 e4 16. f4 e3 17. Bxe3 Re8 18. g4 Bxg4 19. Kd2 Bxb2 20. Rb1 Rxa2 21.
Bc4 Bd4+ 0-1

[Event "O Pohar mesta Ricany 2014 - OPEN A"]
[Site "Ricany"]
[Date "2014.08.29"]
[Round "8.5"]
[White "Voracek, Zdenek"]
[Black "Vanka, Miloslav"]
[Result "0-1"]
[WhiteElo "2020"]
[BlackElo "2135"]
[PlyCount "48"]
[EventDate "29.??.??"]

1. d4 f5 2. c4 Nf6 3. g3 g6 4. Bg2 Bg7 5. Nc3 O-O 6. e4 fxe4 7. Nxe4 Nxe4 8.
Bxe4 c6 9. Ne2 d5 10. cxd5 cxd5 11. Qb3 e6 12. Bc2 Nc6 13. Be3 Qa5+ 14. Kf1 e5
15. h4 exd4 16. Bg5 Bf5 17. Bxf5 Rxf5 18. Qxb7 Raf8 19. f4 Nd8 20. Bxd8 Rxd8
21. Rd1 Qxa2 22. Kg2 Qc4 23. Rd2 Rf7 24. b3 Qxe2+ 0-1

[Event "O Pohar mesta Ricany 2014 - OPEN A"]
[Site "Ricany"]
[Date "2014.08.29"]
[Round "8.6"]
[White "Lacza, Tibor"]
[Black "Starek, Stanislav"]
[Result "1/2-1/2"]
[WhiteElo "2067"]
[BlackElo "2123"]
[PlyCount "60"]

1. d4 Nf6 2. c4 e6 3. Nf3 d5 4. Nc3 Bb4 5. cxd5 exd5 6. Bg5 h6 7. Qa4+ Nc6 8.
Bxf6 Qxf6 9. Ne5 O-O 10. Nxc6 Bxc3+ 11. bxc3 Bd7 12. e3 a6 13. Be2 Bxc6 14. Qb3
Rfe8 15. O-O Qg5 16. a4 Re6 17. Bf3 Rf6 18. Qd1 Re8 19. g3 Bd7 20. Bg2 b5 21.
axb5 Bxb5 22. Re1 Qf5 23. Ra2 Bc4 24. Rb2 Rb6 25. Rxb6 cxb6 26. Qa4 Re6 27. Qd7
Qc2 28. Bxd5 Qxc3 29. Qc8+ Kh7 30. Rf1 b5 1/2-1/2

[Event "O Pohar mesta Ricany 2014 - OPEN A"]
[Site "Ricany"]
[Date "2014.08.29"]
[Round "8.7"]
[White "Bednar, Marcel"]
[Black "Havelka, Josef"]
[Result "1-0"]
[WhiteElo "2300"]
[BlackElo "2019"]
[PlyCount "59"]

1. d4 Nf6 2. Nf3 g6 3. Nc3 Bg7 4. e4 d6 5. Bc4 O-O 6. Qe2 Bg4 7. e5 dxe5 8.
dxe5 Nfd7 9. e6 Ne5 10. exf7+ Kh8 11. Bg5 Nbc6 12. Rd1 Qc8 13. Bd5 Nxf7 14. Qe3
Qf5 15. Be4 Qa5 16. Bxc6 bxc6 17. Bxe7 Rfe8 18. O-O Ne5 19. b4 Qa3 20. Nxe5
Rxe7 21. Nxg6+ hxg6 22. Qxe7 Qxc3 23. Rd8+ Rxd8 24. Qxd8+ Kh7 25. Qh4+ Bh5 26.
g4 Bf6 27. Qg3 Qxg3+ 28. fxg3 Bd4+ 29. Kg2 Bxg4 30. Rf4 1-0

[Event "O Pohar mesta Ricany 2014 - OPEN A"]
[Site "Ricany"]
[Date "2014.08.29"]
[Round "8.8"]
[White "Vojta, Pavel"]
[Black "Tejkal, Jiri"]
[Result "1-0"]
[WhiteElo "2225"]
[BlackElo "1941"]
[PlyCount "133"]

1. d4 d5 2. Nf3 Nf6 3. c4 c6 4. e3 e6 5. Nc3 Nbd7 6. Bd3 Bd6 7. O-O O-O 8. e4
dxe4 9. Nxe4 Nxe4 10. Bxe4 f5 11. Bc2 c5 12. Re1 Nf6 13. dxc5 Bxc5 14. Qxd8
Rxd8 15. Be3 Be7 16. Rad1 b6 17. h3 h6 18. Bd4 Bb4 19. Re2 Ne4 20. a3 Be7 21.
Bxe4 fxe4 22. Ne5 Bb7 23. Red2 Bg5 24. Be3 Bf6 25. Ng4 Be7 26. b4 Rxd2 27. Rxd2
Rd8 28. Rxd8+ Bxd8 29. c5 Bc7 30. Bd4 bxc5 31. Bxc5 a6 32. Ne3 Kf7 33. Kf1 Bf4
34. Nc2 e5 35. Be3 Ke6 36. g3 Bxe3 37. Nxe3 h5 38. h4 g6 39. Ke2 Kd6 40. Kd2
Bc6 41. Kc3 Ba4 42. Nc4+ Ke6 43. Kd2 Bb5 44. Kc3 Kd5 45. Ne3+ Kc6 46. Kb3 Be2
47. a4 Bd3 48. Kc3 Be2 49. Nc4 Kd5 50. Nb6+ Kc6 51. Nc8 Kd7 52. Na7 Kc7 53. b5
axb5 54. Nxb5+ Kc6 55. Kb4 Kb6 56. Nd6 Bd3 57. Nc4+ Kc7 58. Nxe5 Bc2 59. a5 Kd6
60. a6 e3 61. Nc4+ Ke6 62. Nxe3 Be4 63. Kc5 Ke5 64. Nc4+ Ke6 65. a7 Ba8 66. Kd4
Kf5 67. Nb6 1-0

[Event "O Pohar mesta Ricany 2014 - OPEN A"]
[Site "Ricany"]
[Date "2014.08.29"]
[Round "8.9"]
[White "Skalicky, Tomas"]
[Black "Cerny, Martin"]
[Result "1/2-1/2"]
[WhiteElo "2024"]
[BlackElo "2184"]
[PlyCount "38"]

1. c4 c6 2. Nf3 d5 3. d4 Nf6 4. Nc3 dxc4 5. a4 Bf5 6. e3 e6 7. Bxc4 Bb4 8. O-O
O-O 9. Qe2 Ne4 10. Nxe4 Bxe4 11. Ne5 Nd7 12. Nxd7 Qxd7 13. f3 Bd5 14. e4 Bxc4
15. Qxc4 Bd6 16. Be3 Qc7 17. g3 Bxg3 18. hxg3 Qxg3+ 19. Kh1 Qh3+ 1/2-1/2

[Event "O Pohar mesta Ricany 2014 - OPEN A"]
[Site "Ricany"]
[Date "2014.08.29"]
[Round "8.10"]
[White "Pycha, Patrik"]
[Black "Hradecky, Ivo"]
[Result "0-1"]
[WhiteElo "2002"]
[BlackElo "2090"]
[PlyCount "90"]

1. Nf3 Nf6 2. d3 d5 3. Bf4 c5 4. Nbd2 Nc6 5. e4 g6 6. c3 Bg7 7. Be2 Nh5 8. Be3
d4 9. cxd4 cxd4 10. Bg5 h6 11. Bh4 Nf4 12. O-O O-O 13. Bg3 Nxe2+ 14. Qxe2 Be6
15. Rfc1 Rc8 16. Nc4 b5 17. Nce5 Qb6 18. Nxc6 Rxc6 19. Be5 Rfc8 20. Qd2 Rxc1+
21. Rxc1 Rxc1+ 22. Qxc1 Bxa2 23. Bc7 Qa6 24. e5 Qa4 25. h3 Qb4 26. Bb8 Bd5 27.
Ne1 a5 28. f4 a4 29. Ba7 Bf8 30. Bb6 e6 31. Kh2 Qb3 32. Bxd4 b4 33. Qc8 Kg7 34.
Bc5 Bxc5 35. Qxc5 a3 36. Qe7 Qa4 37. bxa3 bxa3 38. Qf6+ Kg8 39. Qd8+ Kg7 40.
Qf6+ Kg8 41. Qd8+ Kh7 42. Qf6 Qd7 43. Nc2 Ba8 44. Ne3 a2 45. Ng4 Qb7 0-1

[Event "O Pohar mesta Ricany 2014 - OPEN A"]
[Site "Ricany"]
[Date "2014.08.29"]
[Round "8.11"]
[White "Postupa, Martin"]
[Black "Havelka, Jan"]
[Result "0-1"]
[WhiteElo "2085"]
[BlackElo "1891"]
[PlyCount "78"]

1. e4 e6 2. d4 c5 3. c3 d5 4. e5 Nc6 5. Nf3 Bd7 6. a3 Nge7 7. b4 cxd4 8. cxd4
Nf5 9. Bb2 b5 10. Bd3 a5 11. Bxf5 exf5 12. O-O axb4 13. axb4 Rxa1 14. Bxa1 Bxb4
15. Qb3 Qa5 16. Nc3 Be6 17. Ne2 Qa4 18. Qb1 O-O 19. Ng3 g6 20. h4 Na5 21. Bb2
Nc4 22. Bc1 Be7 23. h5 b4 24. hxg6 hxg6 25. Bg5 Bxg5 26. Nxg5 Qa3 27. Nf3 b3
28. Rd1 Qb4 29. Nf1 Rb8 30. Ne1 b2 31. Nc2 Qc3 32. Kh2 f4 33. Ne1 Na3 34. Qd3
Qxd3 35. Nxd3 b1=Q 36. Rxb1 Rxb1 37. Kg1 Nc4 38. Nxf4 Nd2 39. Nxe6 fxe6 0-1

[Event "O Pohar mesta Ricany 2014 - OPEN A"]
[Site "Ricany"]
[Date "2014.08.29"]
[Round "8.12"]
[White "Vorackova, Jarmila"]
[Black "Postupa, Pavel"]
[Result "0-1"]
[WhiteElo "1936"]
[BlackElo "2260"]
[PlyCount "82"]

1. d4 Nf6 2. c4 g6 3. Nc3 d5 4. cxd5 Nxd5 5. e4 Nxc3 6. bxc3 Bg7 7. Bc4 c5 8.
Ne2 O-O 9. O-O Nc6 10. Be3 Qc7 11. Bb3 Rd8 12. Rc1 Na5 13. d5 c4 14. Bc2 e6 15.
Bd4 f6 16. dxe6 Nc6 17. Qe1 Bxe6 18. f4 Bg4 19. Be3 Qa5 20. Bb1 Bf8 21. Nd4
Nxd4 22. Bxd4 Bc5 23. Qh4 f5 24. Qf6 Bxd4+ 25. cxd4 Qb6 26. Qxb6 axb6 27. h3
Be2 28. Rf2 Bd3 29. exf5 Rxd4 30. fxg6 Bxg6 31. f5 Bf7 32. Rb2 Bd5 33. Kf2 Ra3
34. g3 Rf3+ 35. Ke2 Rxg3 36. Rxb6 c3 37. Rc2 Rxh3 38. Ke1 Be4 39. Re2 Rh1+ 40.
Kf2 Rxb1 41. Re6 Rb2 0-1

[Event "O Pohar mesta Ricany 2014 - OPEN A"]
[Site "Ricany"]
[Date "2014.08.29"]
[Round "8.13"]
[White "Krivanek, Vladimir"]
[Black "Matejovsky, Ondrej"]
[Result "1-0"]
[WhiteElo "2157"]
[BlackElo "2014"]
[PlyCount "75"]

1. e4 e5 2. f4 Bc5 3. Nf3 d6 4. Nc3 Bg4 5. Na4 Nd7 6. h3 Bxf3 7. Qxf3 Ngf6 8.
Bc4 Nb6 9. Bxf7+ Kxf7 10. Nxc5 dxc5 11. fxe5 Rf8 12. exf6 Kg8 13. d3 Qd6 14.
Qf4 Qd4 15. Qf2 Qe5 16. O-O Rxf6 17. Bf4 Qxb2 18. e5 Rff8 19. Rae1 Nd5 20. Qxc5
Nxf4 21. Qc4+ Kh8 22. Rxf4 Rxf4 23. Qxf4 Qxc2 24. e6 Qc5+ 25. d4 Qe7 26. Qf7
Re8 27. d5 h6 28. Rf1 Kh7 29. Qxe7 Rxe7 30. Rf7 Re8 31. Rxc7 Kg6 32. Rxb7 Kf6
33. Rxa7 Ke5 34. Rd7 g5 35. a4 Kf6 36. a5 Ra8 37. e7 Re8 38. d6 1-0